000 00748nam a22002297a 4500
999 _c486
_d486
005 20190816110216.0
008 190816b ||||| |||| 00| 0 eng d
020 _a9780431014906
040 _cKH8
082 _a571.9 SOM
100 _aSomervill, Barbara A
245 _aCells and disease /
_cBarbara A. Somervill.
260 _aLondon :
_bRaintree,
_c2011.
300 _a48 p. :
_bcol. ill., ports. (some col.) ;
_c25 cm.
440 _aInvestigating cells
500 _aBibliography note: Includes bibliographical references and index.
650 _aCells
_vJuvenile literature
650 _aDiseases
_vJuvenile literature
650 _aBacteria
_vJuvenile literature
650 _aViruses
_vJuvenile literature
942 _2ddc
_cNFIC